Les âges de l'amitié (notice n° 1583124)
[ vue normale ]
| 000 -LEADER | |
|---|---|
| fixed length control field | 01310cam a2200217 4500500 |
| 005 - DATE AND TIME OF LATEST TRANSACTION | |
| control field | 20251228052231.0 |
| 041 ## - LANGUAGE CODE | |
| Language code of text/sound track or separate title | fre |
| 042 ## - AUTHENTICATION CODE | |
| Authentication code | dc |
| 100 10 - MAIN ENTRY--PERSONAL NAME | |
| Personal name | Bidart, Claire |
| Relator term | author |
| 245 00 - TITLE STATEMENT | |
| Title | Les âges de l'amitié |
| 260 ## - PUBLICATION, DISTRIBUTION, ETC. | |
| Date of publication, distribution, etc. | 2010.<br/> |
| 500 ## - GENERAL NOTE | |
| General note | 83 |
| 520 ## - SUMMARY, ETC. | |
| Summary, etc. | RésuméS’appuyant sur des entretiens semi-directifs auprès d’adultes et de jeunes (entre 18 et 23 ans), Claire Bidart analyse l’évolution des pratiques amicales avec l’avancée en âge, c’est-à-dire avec les étapes du cours de la vie et l’évolution des rôles qui leur sont liés. Elle montre comment les amis d’une même personne ne se ressemblent pas, n’ont pas été choisis comme amis de la même façon, et ne tiennent pas la même place, ni le même rôle auprès de celle-ci, ne serait-ce que parce qu’ils ont été rencontrés à des époques différentes. Parce que différent, chaque lien amical noué ouvre, pour l’individu, un morceau de société auquel il lui donne accès. |
| 690 ## - LOCAL SUBJECT ADDED ENTRY--TOPICAL TERM (OCLC, RLIN) | |
| Topical term or geographic name as entry element | amitié |
| 690 ## - LOCAL SUBJECT ADDED ENTRY--TOPICAL TERM (OCLC, RLIN) | |
| Topical term or geographic name as entry element | cercle social |
| 690 ## - LOCAL SUBJECT ADDED ENTRY--TOPICAL TERM (OCLC, RLIN) | |
| Topical term or geographic name as entry element | cycle de vie |
| 690 ## - LOCAL SUBJECT ADDED ENTRY--TOPICAL TERM (OCLC, RLIN) | |
| Topical term or geographic name as entry element | rôle social |
| 690 ## - LOCAL SUBJECT ADDED ENTRY--TOPICAL TERM (OCLC, RLIN) | |
| Topical term or geographic name as entry element | socialisation |
| 786 0# - DATA SOURCE ENTRY | |
| Note | Transversalités | 113 | 1 | 2010-03-01 | p. 65-81 | 1286-9449 |
| 856 41 - ELECTRONIC LOCATION AND ACCESS | |
| Uniform Resource Identifier | <a href="https://shs.cairn.info/revue-transversalites-2010-1-page-65?lang=fr&redirect-ssocas=7080">https://shs.cairn.info/revue-transversalites-2010-1-page-65?lang=fr&redirect-ssocas=7080</a> |
Pas d'exemplaire disponible.




Réseaux sociaux